<?xml version="1.0" encoding="UTF-8"?>
<record
    xmlns:xsi="http://www.w3.org/2001/XMLSchema-instance"
    xsi:schemaLocation="http://www.loc.gov/MARC21/slim http://www.loc.gov/standards/marcxml/schema/MARC21slim.xsd"
    xmlns="http://www.loc.gov/MARC21/slim">

  <leader>01350nam a22002657a 4500</leader>
  <controlfield tag="001">BRCA_9509</controlfield>
  <controlfield tag="003">FranzMayer</controlfield>
  <controlfield tag="005">20230823120723.0</controlfield>
  <controlfield tag="008">230811b        |||||||| |||| 00| 0 eng d</controlfield>
  <datafield tag="040" ind1=" " ind2=" ">
    <subfield code="a">MFM</subfield>
    <subfield code="b">esp</subfield>
    <subfield code="c">MFM</subfield>
  </datafield>
  <datafield tag="050" ind1=" " ind2="0">
    <subfield code="a">BJ63</subfield>
    <subfield code="b">L83 (S/N)</subfield>
  </datafield>
  <datafield tag="100" ind1="1" ind2=" ">
    <subfield code="4">Autor</subfield>
    <subfield code="a">P. Ludovico</subfield>
    <subfield code="9">29015</subfield>
  </datafield>
  <datafield tag="240" ind1=" " ind2=" ">
    <subfield code="a">Univer Can </subfield>
    <subfield code="h">Juxta triplex juris obj. Nunc vero fervato ordine Decre &amp; Indice copioso locupletatum; Privilegiis Monasferiorum, novissim</subfield>
    <subfield code="l">Lat&#xED;n</subfield>
  </datafield>
  <datafield tag="245" ind1="0" ind2=" ">
    <subfield code="a">Univer Can </subfield>
    <subfield code="b">Juxta triplex juris obj. Nunc vero fervato ordine Decre &amp; Indice copioso locupletatum; Privilegiis Monasferiorum, novissim</subfield>
  </datafield>
  <datafield tag="260" ind1=" " ind2=" ">
    <subfield code="a">Venecia</subfield>
  </datafield>
  <datafield tag="300" ind1=" " ind2=" ">
    <subfield code="a">Sin numeraci&#xF3;n</subfield>
    <subfield code="c">40 cm</subfield>
  </datafield>
  <datafield tag="500" ind1=" " ind2=" ">
    <subfield code="a">El libro presenta mucho da&#xF1;o lo que dificulta su lectura ,as&#xED; mismo genera que se desconozcan datos como el nombre completo, nombre completo del autor o a&#xF1;o y lugar de publicaci&#xF3;n.</subfield>
  </datafield>
  <datafield tag="500" ind1=" " ind2=" ">
    <subfield code="a">Fondo antiguo</subfield>
  </datafield>
  <datafield tag="500" ind1=" " ind2=" ">
    <subfield code="a">Ejemplar s encuentra en caja fuerte</subfield>
  </datafield>
  <datafield tag="501" ind1=" " ind2=" ">
    <subfield code="a">Fondo reservado: para su consulta es necesario credencial de usuario y carta motivos</subfield>
  </datafield>
  <datafield tag="505" ind1=" " ind2=" ">
    <subfield code="a">Texto en: lat&#xED;nDirigido a: cient&#xED;ficos, estudiosos, historiadoresIncluye &#xED;ndice tem&#xE1;tico</subfield>
  </datafield>
  <datafield tag="650" ind1="1" ind2=" ">
    <subfield code="2">Trabajos generales</subfield>
    <subfield code="a">Enciclopedia </subfield>
    <subfield code="v">Diccionario</subfield>
    <subfield code="9">29016</subfield>
  </datafield>
  <datafield tag="651" ind1="2" ind2=" ">
    <subfield code="2">Enciclopedias universales</subfield>
    <subfield code="a">Enciclopedias generales</subfield>
    <subfield code="v">Enciclopedias en lat&#xED;n</subfield>
    <subfield code="9">29017</subfield>
  </datafield>
  <datafield tag="942" ind1=" " ind2=" ">
    <subfield code="2">lcc</subfield>
    <subfield code="c">B</subfield>
  </datafield>
  <datafield tag="999" ind1=" " ind2=" ">
    <subfield code="c">10931</subfield>
    <subfield code="d">10931</subfield>
  </datafield>
  <datafield tag="952" ind1=" " ind2=" ">
    <subfield code="0">0</subfield>
    <subfield code="1">0</subfield>
    <subfield code="2">lcc</subfield>
    <subfield code="4">0</subfield>
    <subfield code="7">0</subfield>
    <subfield code="8">LAR</subfield>
    <subfield code="a">BRCA</subfield>
    <subfield code="b">BRCA</subfield>
    <subfield code="d">2023-08-11</subfield>
    <subfield code="e">Donaci&#xF3;n</subfield>
    <subfield code="l">0</subfield>
    <subfield code="o">BJ63 L83 (S/N)</subfield>
    <subfield code="p">LAR00195</subfield>
    <subfield code="r">2023-08-11 00:00:00</subfield>
    <subfield code="w">2023-08-11</subfield>
    <subfield code="y">B</subfield>
  </datafield>
</record>
